Quizzes
Events
Quiz Creation
Community
Videos
Private Events
Remove Ads
Sign In
Join for FREE
Feedback
Dark Mode
Quiz Categories
Sports
Geography
Music
Movies
Television
Just For Fun
Miscellaneous
History
Literature
Language
Science
Gaming
Entertainment
Religion
Holiday
For Kids
Quiz Lab
Recent
Popular Today
Quiz Kudos Today
Editor Picks
Curator Picks
Quizzes by...
Day
Popularity
Type
Ratings
Length
Year
Community
Subscriptions
Recent Discussions
Orange Saloon
Badges
Playlists
Quests
Create
Leaderboards
Showdown
Live 5
Trivia Bingo
Activity
Puzzle Library
Sporcle Events
Private Events
Virtual Trivia
Globe League
Become a Host
Pub Owners
SporcleCon
Opinionation
Our Games
Videos
Blog
Mobile Apps
Partnerships
Remove Ads and Go Orange
Feedback
Sports
Athletes
MLB
NBA
NHL
NFL
Soccer
Sports Teams
WWE
NCAA
Football
Premier League
Basketball
Baseball
Hockey
Golf
Tennis
Cricket
Rugby
Auto Racing
Olympics
World Cup
Sports
Athletes
MLB
NBA
NHL
NFL
Soccer
Sports Teams
WWE
NCAA
Football
Premier League
Basketball
Baseball
Hockey
Golf
Tennis
Cricket
Rugby
Auto Racing
Olympics
World Cup
Random Quiz
Search Sporcle
×
Curator Pick
Curator Pick
Sports
Sports Teams
Type in answers that appear in a list
Type in answers that appear in a list
Classic
Best Score? Go Orange.
2015 Leading Receiver by Team Stats
Can you name the player with the most receiving yards on each team this year without naming a player with less yards?
By
zack4355
7m
32 Questions
322 Plays
322 Plays
322 Plays
Comments
Comments
Give Quiz Kudos
Give Quiz Kudos
-
- Ratings
hide this ad
More Info
Forced Order
Answers have to be entered in order
Answers have to be entered in order
Wrong Answers
Some wrong answers will appear in red
Some wrong answers will appear in red
Replay
Link that replays current quiz
Next Quiz
Link to next quiz in quiz playlist
You Got
0%
They Got
Avg Score
70%
Avg Friend Score
Upgrade to see
Score Distribution
Jump to the score distribution portion of the page
Score
0/32
Timer
07:00
0
Plays Today
Team
Receiving Yards Leader
% Correct
Atlanta Falcons
???
98.4%
Cincinnati Bengals
???
92.9%
Arizona Cardinals
???
92.5%
New York Giants
???
90.1%
Pittsburgh Steelers
???
88.8%
Buffalo Bills
???
88.5%
Houston Texans
???
87.9%
Detroit Lions
???
87.3%
New England Patriots
???
87.3%
New York Jets
???
85.7%
Indianapolis Colts
???
84.8%
Seattle Seahawks
???
84.2%
Denver Broncos
???
81.7%
Tampa Bay Buccaneers
???
81.4%
Chicago Bears
???
80.1%
Oakland Raiders
???
80.1%
Team
Receiving Yards Leader
% Correct
Jacksonville Jaguars
???
79.5%
Kansas City Chiefs
???
78.3%
Miami Dolphins
???
78.3%
Minnesota Vikings
???
67.7%
New Orleans Saints
???
67.7%
Philadelphia Eagles
???
62.7%
Carolina Panthers
???
61.2%
San Francisco 49ers
???
59%
Tennessee Titans
???
57.8%
Cleveland Browns
???
54.3%
Baltimore Ravens
???
50.9%
Washington Redskins
???
46.9%
Dallas Cowboys
???
35.1%
Green Bay Packers
???
26.4%
St. Louis Rams
???
26.4%
San Diego Chargers
???
14.3%
Quiz Playlist
Details
Report
Send in Message
Add To Playlist
More Info:
Leading player may not be a wide receiver.
Classic:
Type in answers that appear in a list
Forced Order:
Answers have to be entered in order
Wrong Answers:
Some wrong answers will appear in red
Last Updated: Feb 16, 2017
Curator Pick in
Sports Teams
Quiz Scoreboard
CHALLENGE
Sign Up to Join the Scoreboard
Show All
Scores
Hide
Comments
May contain spoilers
Recently Published
Movies - When Are They Set?
by FPL_Elf
Movies
5m
Popular People in 1961
by mucciniale
History
6m
1-10 Letter E Words III
by El_Dandy
Language
2m
More to Explore
Quiz From the Vault
Featured Blog Post
Where Did the Easter Bunny Come From?
hide this ad
You Might Also Like...
Tags
Sports Teams Quiz
Typing Quiz
2015
incorrect
Leader
Leading
Player
Receiver
Receiving
team
Yard
Today's Top Quizzes in Sports
Browse Sports
hide this ad
Today's Top Quizzes in Sports Teams
Browse Sports Teams
Top Contributed Quizzes in Sports
1
Les meilleurs buteurs des matchs entre le PSG et l’OM
2
Les entraîneurs de l'OM et du PSG au 21e siècle
3
FIFA Club World Cup Champions
4
2022 World Cup Stars
5
Name the Premier League winners with different clubs
6
La finale Lions - Afrique du Sud 2021
7
Criteria MLB: Left Handed Sluggers
8
Players with Multiple 50 Home Run Seasons
9
MLB Players with Two .350 Batting Average Seasons
10
MLB Hall of Famer by Rings
Explore More
Trending Topics
Harry Potter
Disney
Kpop
Marvel
NBA
Crossword
Anime
Country
Puzzle
The Office
Pokémon
Song
NFL
WWE
Soccer
hide this ad
More By:
zack4355
Quiz
Plays
Rating
Category
Featured
Created
NFL Pro Bowl WRs (Since 2000)
884
5.00
Sports
Jan 21, 2016
2015 Leading Receiver by Team
322
3.50
Sports
Jan 14, 2016
NFL Playoff Leaders
267
3.00
Sports
Jan 15, 2016
The 'Movie' Quiz
96
3.67
Movies
Aug 10, 2016
2016 Leading Receiver by Team
72
5.00
Sports
Jan 12, 2017
Go to Creator's Profile
Score Distribution
Quiz Creator Spotlight
zack4355
Follow
Send a Message
Quizzes Created
-
Created Quiz Play Count
-
More By This Creator
Popular Quizzes Today
1
Find the US States - No Outlines Minefield
2
Find the Countries of Europe - No Outlines Minefield
3
The Countries of the World
4
Popular People in 1961
5
1-10 Letter E Words III
6
US States
7
Find the US States
8
One Thing in Common: World Cities II
More Sports Quizzes
An Introduction to Baseball
Quiz Lab
Trending Quizzes
Risky Map Clicking: Least Populous States A-Z
1-10 Letter F Words
1-10 Letter G Words
One Thing in Common: United Kingdom
Risky Map Clicking: Next State Alphabetically
Recently Updated
Leaping Animals
pecheneg
Reality TV Shows (A-Z)
bhenderson79
Rickey Henderson's Hall of Fame Teammates
pecheneg
Champions League XIs: Arsenal
pecheneg
Quick Pick: Celebrities in WWE's Hall of Fame
aduchscher
A-Z Keypad Blitz II
pecheneg
Multiple Oscar Actors
pecheneg
Mystery Phrase Blitz: Oscar 'Best Actors'
pecheneg
F. Scott Fitzgerald Novels
LTH
Pick 3 Villains
ddd62291
Trending Topics
Anime
Harry Potter
Crossword
Kpop
Disney
Marvel
NBA
WWE
Soccer
Song
NFL
Pokémon
Puzzle
Country
The Office
Your Account Isn't Verified!
In order to create a playlist on Sporcle, you need to verify the email address you used during registration. Go to your
Sporcle Settings
to finish the process.
Report this User
Report this user for behavior that violates our
Community Guidelines
.
Details:
Send Report
Go to the Sporcle.com Mobile Site →
Comments